000 00954 a2200253 4500
999 _c200130099
_d30920
001 200130099
003 TR-AnTOB
005 20200410102141.0
008 130725s2011 nyu 001 0
020 _a9780195390049
040 _aTR-AnTOB
_cTR-AnTOB
041 _aeng
050 0 0 _aHB72
_b.O94 2011
090 _aHB72 .O94 2011
245 0 4 _aThe Oxford handbook of the economics of religion /
_cedited by Rachel M. McCleary.
264 1 _aNew York :
_bOxford University Press,
_c2011.
300 _axiii, 400 pages ;
_billustration; ;
_c26 cm.
504 _aIncludes bibliographical references and index.
505 _aI.Introduction -- II.Religion and human capital -- III.The nature of religious economies -- IV.Regulation of the religion market -- V.Economic aspects of religion.
650 0 _aReligion
_xEconomic aspects
_vHandbooks, manuals, etc.
_991777
700 1 _aMcCleary, Rachel M.,
_d1953-
_991775
942 _cBK
_2lcc